Literature - European | 10 | 0 | 0 | 0 | 150 | 24 | 40.80 | 4 | 9 |
Literature - British | 7 | 4 | 0 | 0 | 145 | 40 | 68.91 | 1 | 3 |
Literature - World and Miscellaneous | 6 | 4 | 0 | 0 | 130 | 20 | 52.20 | 2 | 5 |
Literature - American | 5 | 4 | 0 | 0 | 115 | 15 | 59.00 | 2 | 2 |
RMP - Philosophy | 3 | 4 | 0 | 0 | 85 | 49 | 79.57 | 1 | 2 |
Fine Arts - Painting | 2 | 3 | 0 | 0 | 60 | 40 | 66.60 | 0 | 1 |
Other - Other Academic and General Knowledge | 1 | 2 | 0 | 0 | 35 | 55 | 70.33 | 0 | 1 |
History - Cross, Historiography, and Miscellaneous | 1 | 2 | 0 | 0 | 35 | 65 | 93.33 | 0 | 0 |
RMP - World Mythology | 2 | 0 | 0 | 0 | 30 | 55 | 63.50 | 0 | 0 |
Social Science - Economics | 0 | 3 | 0 | 0 | 30 | 77 | 110.33 | 0 | 0 |
History - American | 0 | 2 | 0 | 0 | 20 | 70 | 84.00 | 0 | 0 |
Social Science - Psychology | 0 | 2 | 0 | 0 | 20 | 91 | 99.50 | 0 | 0 |
RMP - Greco-Roman Mythology | 0 | 2 | 0 | 0 | 20 | 79 | 102.00 | 0 | 0 |
RMP - Buddhism | 1 | 0 | 0 | 0 | 15 | 36 | 36.00 | 0 | 1 |
Fine Arts - Architecture | 1 | 0 | 0 | 0 | 15 | 45 | 45.00 | 0 | 0 |
Science - Math | 0 | 1 | 0 | 0 | 10 | 100 | 100.00 | 0 | 0 |
History - World | 0 | 1 | 0 | 0 | 10 | 69 | 69.00 | 0 | 0 |
Social Science - Linguistics | 0 | 1 | 0 | 0 | 10 | 65 | 65.00 | 0 | 0 |
Science - Engineering and Miscellaneous | 0 | 1 | 0 | 0 | 10 | 63 | 63.00 | 0 | 0 |
RMP - Christian Practice | 0 | 1 | 0 | 0 | 10 | 120 | 120.00 | 0 | 0 |
Science - Biology | 0 | 0 | 0 | 0 | 0 | | 0.00 | 0 | 0 |
Fine Arts - Miscellaneous | 0 | 0 | 0 | 0 | 0 | | 0.00 | 0 | 0 |